000 00547nam a2200217Ia 4500
003 OSt
005 20220923230642.0
006 a|||||r|||| 00| 0
007 ta
008 Pun
024 _a289,062
037 _cTextual
040 _aARTS
_cARTS
_bPun
041 _2Pun
_aPun
082 _aQ8441xK21w, 153L64
100 _aਤਾਰਨ ਸਿੰਘ
245 0 _aਗੁਰੂ ਤੇਗ ਬਹਾਦਰ
260 _c1976
942 _hQ8441xK21w, 153L64
_cTEXL
_2CC
999 _c386278
_d386278